000 00414nam a22001937a 4500
003 UA-OsUOA
001 3256
007 ta
008 20050721b un ||||| |||| 00| 0 ukr d
100 _aNikolayeva
700 _aS.
700 _aSolovey
700 _aM.
942 _cBK
040 _aUA-OsUOA
_cUA-OsUOA
_dUA-OsUOA
245 _aCurriculum for english language development...
955 _a2
650 7 _2UDC
999 _c289418
_d289418